| 000 | 01170nam a2200229Ia 4500 | ||
|---|---|---|---|
| 003 | OSt | ||
| 005 | 20200820152045.0 | ||
| 008 | 191128s2006 uy ad gr 000 0 spa d | ||
| 040 |
_aCo-JMCR _cCo-JMCR |
||
| 041 | 0 | _aspa | |
| 082 | 0 | 4 |
_a368.4 / _bC733p _223 |
| 110 | 1 |
_aComisión Económica para América Latina y el Caribe Secretaría. (13a. : 2006 : Montevideo) _99038 |
|
| 245 | 1 | 0 |
_aLa protección social de cara al futuro : _bacceso, financiamiento y solidaridad. Síntesis / _cSecretaria de la CEPAL para el trigésimo primer período de sesiones de la Comisión (Montevideo, Uruguay, 20 al 24 de marzo de 2006) |
| 260 |
_aMontevideo : _bCepal, _c2006. |
||
| 300 |
_a193 páginas : _b ilustraciones, gráficos a color ; _c28 cm. |
||
| 504 | _aBibliografía : páginas 181-193. | ||
| 505 | 0 | _aEl desarrollo centrado en derechos y el pacto para la protección social -- Dinamica contributiva, marcado del trabajo y desafíos para la política pública -- Protección social y sistemas de salud -- Sistema de pensión | |
| 650 | 2 | 4 |
_aDesarrollo económico _99039 |
| 650 | 2 | 4 |
_aDesarrollo social _99040 |
| 650 | 2 | 4 |
_aDesarrollo político _99041 |
| 942 |
_2ddc _cBK |
||
| 999 |
_c6050 _d6050 |
||